100 Most populous countries in 2050 - Statistics

General Stats
  • This quiz has been taken 181 times
  • The average score is 86 of 100
Answer Stats
Population Answer % Correct
1.4B China
99%
1.6B India
99%
64.7M Niger
98%
397M Nigeria
98%
378M United States of America
97%
192M Bangladesh
96%
67.6M France
96%
330M Indonesia
96%
336M Pakistan
96%
136M Russia
96%
74M United Kingdom
96%
192M Congo, The Democratic Republic of the
94%
159M Egypt
94%
106M Japan
94%
155M Mexico
94%
44.5M Saudi Arabia
94%
97.1M Turkey
94%
32.8M Australia
93%
229M Brazil
93%
80.2M Germany
93%
70.4M Iraq
93%
204M Ethiopia
92%
103M Iran
92%
144M Philippines
92%
33.3M Poland
92%
75.3M South Africa
92%
43.1M Spain
92%
66.1M Thailand
92%
109M Vietnam
92%
54.7M Argentina
91%
56M Colombia
91%
54.5M Italy
91%
45.5M Canada
90%
47M South Korea
90%
47.8M Yemen
90%
60.7M Algeria
89%
43.7M Mali
89%
46.1M Morocco
89%
128M Tanzania
89%
64.3M Afghanistan
88%
91M Kenya
88%
17.1M Netherlands
88%
26.5M North Korea
88%
16.2M Romania
88%
80.5M Sudan
88%
35.3M Ukraine
88%
10.4M United Arab Emirates
88%
40.4M Malaysia
87%
64.6M Mozambique
87%
40.3M Peru
87%
11.4M Sweden
87%
88.7M Uganda
87%
37M Venezuela
87%
12.2M Belgium
86%
34.1M Chad
86%
20.3M Chile
86%
12.8M Dominican Republic
86%
24M Kazakhstan
86%
62.2M Myanmar
86%
10.7M Republic of Congo
86%
34.5M Somalia
86%
33.1M Syria
86%
76.4M Angola
85%
51.6M Ghana
85%
12.7M Israel
84%
53.5M Madagascar
84%
38.7M Zambia
84%
24M Zimbabwe
84%
10.1M Cuba
83%
42.8M Uzbekistan
82%
50.8M Cote D'Ivoire
81%
33.2M Senegal
80%
20M South Sudan
80%
15.8M Bolivia
79%
50.1M Cameroon
79%
26M Guinea
79%
21.8M Sri Lanka
79%
13.8M Tunisia
79%
21.9M Cambodia
78%
23.3M Ecuador
78%
26.9M Guatemala
78%
9.5M Laos
78%
24.3M Benin
77%
35.3M Nepal
77%
14.9M Haiti
76%
12.9M Jordan
76%
25.4M Burundi
75%
14.2M Papua New Guinea
75%
15.4M Togo
75%
37.8M Malawi
74%
23.1M Rwanda
74%
9.8M Switzerland
73%
13.8M Honduras
72%
16.2M Tajikistan
72%
9.3M Liberia
71%
9.1M Kyrgyzstan
70%
11M Azerbaijan
68%
43M Burkina Faso
67%
13M Sierra Leone
66%
10.5M Czech Republic
64%
No matching quizzes found
Score Distribution
Percent of People with Each Score
Percentile by Number Answered
Your Score History
You have not taken this quiz